| 000 | 00345nam a22001577a 4500 | ||
|---|---|---|---|
| 003 | SGT | ||
| 020 | _a9788126577606 | ||
| 082 |
_a615 _bB14W |
||
| 100 | _aWANG,WEI,ed. | ||
| 245 | _aBIOLOGICAL DRUG PRODUCTS | ||
| 260 |
_aNEW JERSEY _bWILEY _c2014 |
||
| 300 | _a728 | ||
| 650 | _aDRUG | ||
| 653 | _aBIOLOGICAL, DRUG, PRODUCTS | ||
| 942 |
_2ddc _cBK |
||
| 999 |
_c27014 _d27014 |
||